MARC details
| 000 -CABECERA |
| campo de control de longitud fija |
04671nam a2200433 a 4500 |
| 001 - NÚMERO DE CONTROL |
| campo de control |
dia_824 |
| 003 - IDENTIFICADOR DEL NÚMERO DE CONTROL |
| campo de control |
CHAP |
| 005 - FECHA Y HORA DE LA ÚLTIMA TRANSACCIÓN |
| campo de control |
20251014123057.0 |
| 007 - CAMPO FIJO DE DESCRIPCIÓN FÍSICA--INFORMACIÓN GENERAL |
| campo de control de longitud fija |
ta |
| 008 - DATOS DE LONGITUD FIJA--INFORMACIÓN GENERAL |
| campo de control de longitud fija |
220117s1992 mx ab frm 001 0 spa d |
| 010 ## - NÚMERO DE CONTROL DE LA BIBLIOTECA DEL CONGRESO |
| Número de control de LC |
171374 |
| 040 ## - FUENTE DE LA CATALOGACIÓN |
| Centro/agencia transcriptor |
CHAP |
| Centro catalogador/agencia de origen |
mxchpua |
| Normas de descripción |
rda |
| 041 0# - CÓDIGO DE LENGUA |
| Código de lengua del texto/banda sonora o título independiente |
spa |
| Código de lengua del sumario o resumen |
eng |
| 090 ## - LOCALMENTE ASIGNADO TIPO-LC NÚMERO DE CLASIFICACIÓN (OCLC); NÚMERO DE CLASIFICACIÓN LOCAL (RLIN) |
| Número de clasificación (OCLC) (R) ; Numero de clasificación, CALL (RLIN) (NR) |
Tesis |
| Número cutter local (OCLC) ; Número de libro/Signatura topográfica íntegra, CALL (RLIN) |
S26 |
| año |
1992 |
| 100 1# - ENTRADA PRINCIPAL--NOMBRE DE PERSONA |
| Nombre de persona |
Sánchez Sandoval, Miguel |
| 240 10 - TÍTULO UNIFORME |
| Título uniforme |
Financial evaluation for an anhydrous ammonia distributing plant in the municipality of Angostura, Sinaloa / |
| Lenguaje de la obra |
Español |
| 245 10 - MENCIÓN DE TÍTULO |
| Título |
Evaluación de financiamiento para una distribuidora de amoniaco anhidro en el municipio de Angostura, Sinaloa / |
| Mención de responsabilidad, etc. |
Miguel Sánchez Sandoval |
| 264 ## - PRODUCCIÓN, PUBLICACIÓN, DISTRIBUCIÓN, FABRICACIÓN Y COPYRIGHT |
| Producción, publicación, distribución, fabricación y copyright |
Chapingo, México : |
| Nombre del de productor, editor, distribuidor, fabricante |
El autor, |
| Fecha de producción, publicación, distribución, fabricación o copyright |
1992 |
| 300 ## - DESCRIPCIÓN FÍSICA |
| Extensión |
ix, 84 hojas : |
| Otras características físicas |
ilustraciones, mapas, diagramas, tablas |
| 336 ## - TIPO DE CONTENIDO |
| Fuente |
rdacontent |
| Término de tipo de contenido |
texto |
| Código de tipo de contenido |
txt |
| 337 ## - TIPO DE MEDIO |
| Fuente |
rdamedia |
| Nombre/término del tipo de medio |
no mediado |
| Código del tipo de medio |
n |
| 338 ## - TIPO DE SOPORTE |
| Fuente |
rdacarrier |
| Nombre/término del tipo de soporte |
volumen |
| Código del tipo de soporte |
nc |
| 502 ## - NOTA DE TESIS |
| Nota de tesis |
Seminario de Titulación |
| Tipo de título |
(Ingeniero Agroindustrial) -- |
| Nombre de la institución que otorga el título |
UACh. Departamento de Ingeniería Agroindustrial, |
| Año de obtención del título |
1992 |
| 504 ## - NOTA DE BIBLIOGRAFÍA, ETC. |
| Nota de bibliografía, etc. |
Bibliografía: hojas 66-67 |
| 520 3# - SUMARIO, ETC. |
| Sumario, etc. |
Uno de los factores más importantes que tienen fundamental importancia en la obtención de mejores rendimientos en los cultivos, es la aplicación oportuna y suficiente de fertilizantes. En este documento se evalúa la posibilidad de inversión de una distribuidora de amoniaco anhidro, en el municipio de Angostura, Sinaloa, que venga a resolver las limitaciones que de este fertilizante se tiene en la Zona. El grupo de productores que se beneficiará directamente con la inversión, es la Unión de Ejidos de Producción Agrícola e Industrial "Emiliano Zapata", integrado por 9 ejidos que agrupan a 538 beneficiarios con una superficie de 5,388 hectáreas, de las cuales 5,060 ha. son de riego y 328 ha. de temporal. El cálculo de nodrizas y equipo de aplicación se efectuó considerando la mayor superficie susceptible de habilitar por Banrural en un ciclo agrícola, siendo este el ciclo otoño-invierno con 2,547 ha y una demanda de 380 ton. El proyecto de inversión por $ 265,666,492 muestra una tasa de rentabilidad financiera de 38.55 (%) por ciento muy superior al costo del dinero, por lo que se espera que la empresa salga adelante con sus compromisos financieros en un plazo de 6 años, y además dispondrá de excedentes adicionales para capitalizarse. Los requerimientos adicionales de equipos, etc. se proyectan en etapas subsecuentes, ya sea por medio de nuevos créditos y/o inversiones de los productores interesados, y éste será motivo de análisis sobre la empresa y su consolidación. -- |
| 520 3# - SUMARIO, ETC. |
| Sumario, etc. |
One of the most important factors on obtaining the best results in agriculture, is the sufficient and opportune fertilizer application. In this document is evaluated the possibility of investing in an Anydrous Ammonia Distributing Plant in the municipality of Angostura, Sinaloa, which would solve the limitations of Anydrous Ammonia in this zone. The group of producers who will be directly beneficed with this investment is the "Unión de Ejidos de Producción Agrícola e Industrial Emiliano Zapata", integrated by 9 ejidos, which include 538 beneficiares with surface of 5,388 ha., 5,060 of them are irrigated and 328 ha. are not irrigated. The estimate of transportation tanks and application equipment, was made considering the carger surface susceptible of credit (by Banrural), during an agricultural period of any given product, in this case. Wheat, planning to cover 1,637 ha, of this cereal. The investment proyect of $265,666,492 shows a financial rentability rate of 38.55%, a lot higher than the of money, for this reasonit is expected that the enterprise will succeed, in its financial obligations within a 6 year period and also will count with remains for its own capitalization. The additional requeriments (equipment, etc.) will be projected in subsequent stages through new credit, and/or investment of the members and this will be a matter of analysis over the enterprise and its consolidation. |
| 650 13 - PUNTO DE ACCESO ADICIONAL DE MATERIA--TÉRMINO DE MATERIA |
| Término de materia o nombre geográfico como elemento de entrada |
Amoníaco anhidro |
| Fuente del encabezamiento o término |
atg |
| Subdivisión general |
Fertilizantes |
| 650 13 - PUNTO DE ACCESO ADICIONAL DE MATERIA--TÉRMINO DE MATERIA |
| Término de materia o nombre geográfico como elemento de entrada |
Industria de los fertilizantes |
| Subdivisión general |
Iniciativa empresarial |
| Subdivisión geográfica |
México |
| -- |
Sinaloa |
| Fuente del encabezamiento o término |
atg |
| 650 13 - PUNTO DE ACCESO ADICIONAL DE MATERIA--TÉRMINO DE MATERIA |
| Término de materia o nombre geográfico como elemento de entrada |
Anhydrous ammonia |
| Fuente del encabezamiento o término |
atg |
| Subdivisión general |
Fertilizers |
| 650 13 - PUNTO DE ACCESO ADICIONAL DE MATERIA--TÉRMINO DE MATERIA |
| Término de materia o nombre geográfico como elemento de entrada |
Fertilizer industry |
| Subdivisión general |
Entrepreneurship |
| Subdivisión geográfica |
Mexico |
| -- |
Sinaloa |
| Fuente del encabezamiento o término |
atg |
| 700 1# - PUNTO DE ACCESO ADICIONAL--NOMBRE DE PERSONA |
| Nombre de persona |
Pérez Pelayo, Fernando |
| Término indicativo de función/relación |
director |
| 700 1# - PUNTO DE ACCESO ADICIONAL--NOMBRE DE PERSONA |
| Nombre de persona |
Santoyo Cortés, Vinicio Horacio |
| Término indicativo de función/relación |
asesor |
| 700 1# - PUNTO DE ACCESO ADICIONAL--NOMBRE DE PERSONA |
| Nombre de persona |
Gómez Cruz, Manuel Ángel |
| Término indicativo de función/relación |
asesor |
| 901 ## - ELEMENTOS DE DATOS A LOCAL LDA (RLIN) |
| a |
TESIS S26 1992 |
| 942 ## - ELEMENTOS DE PUNTO DE ACCESO ADICIONAL (KOHA) |
| Tipo de ítem Koha |
TESIS |
| Fuente del sistema de clasificación o colocación |
Clasificación Universidad Autónoma Chapingo |
| 902 ## - ELEMENTOS DE DATOS B LOCAL, LDB (RLIN) |
| a |
M |
| 905 ## - ELEMENTOS DE DATOS E LOCAL, LDE (RLIN) |
| a |
0000001992 mx A 0000000000spa00 |